1399 1367 1106 1525 1761 1149 1570 1196 1721 1615 1862 1010 1088 1684 1673 1258 1072 1808 1556 1526 1044 1717 1734 1742 1545 1775 1357 1657 1011 1826 1215 1757 1708 1466 1898 1580 1666 1557 1210 1855 1655 1162 1415 1458 1159 1111 1367 1662 1434 1338 1119 1273 1216 1185 1129 1181 1670 1796 1163 1511 1537 1697 1491 1980 1486 1256 1236 1391 1361 1879 1617 1274 1404 1372 1324 1890 1506 1766 1946 1923 1062 1037 1709 1752 1005 1560 1691 1911 1905 1663 1165 1090 1139 1669 1601 1518 1771 1964 1985 BCNSPRNW ULIB Ver.6.0+V

เปลี่ยนเป็นภาษาไทย

Change to English
 แสดงรายละเอียดบรรณานุกรม
  กลับหน้าหลัก

Brief Record : Get Marc (ISO 2709) : E-mail record : QR code < ปิดหน้าต่าง
LEADER : 00000nam 2200000uu 4500
001    13399127539
003     ULIB
008    210114s2563||||th 000 0 tha d
020    ^a9786165658744
060    ^aWY159^bว254ก
100    ^aวรรณไพร แย้มมา และสุพัตรา นุตรักษ์
245    ^aการพยาบาลผู้ป่วยเด็กโรคหัวใจ
250    ^aพิมพ์ครั้งที่ 2
260    ^aกรุงเทพมหานคร :^bนีโอดิจิตอล,^c2563
300    ^a137 หน้า^bภาพประกอบ, ตาราง, ภาคผนวก
650    ^aการพยาบาลกุมารเวชศาสตร์
650    ^aเด็กป่วย^xโรคหัวใจ
945    ^p250^l0^i28436
945    ^p250^l0^i28437
945    ^p250^l0^i28438
945    ^p250^l0^i28439
945    ^p250^l0^i28440
945    ^p250^l0^i29552
945    ^p250^l0^i29553
945    ^p250^l0^i29554
999    ^aกัณชพร จุลอักษร
รายการนี้ยังไม่มีแท็ก
คุณยังไม่ได้ล็อกอิน คุณสามารถมีกิจกรรมร่วมกับเว็บไซต์ได้ แต่ต้องล็อกอินก่อน ::
  ล็อกอิน

รายการสื่อสารสนเทศ

ลำดับที่ ประเภท เลขเรียก/บาร์โค้ด สถานที่ สถานะ
1. หนังสือสำรอง
หนังสือสำรอง
WY159 ว254ก ฉ.1 
  Barcode: 28436
ห้องสมุดวิทยาเขตนครสวรรค์
►หนังสือทั่วไป:l:General Books
บนชั้น
2. วิทยาศาสตร์การแพทย์ และสุขภาพ
วิทยาศาสตร์การแพทย์ และสุขภาพ
WY159 ว254ก ฉ.2 
  Barcode: 28437
ห้องสมุดวิทยาเขตนครสวรรค์
►หนังสือทั่วไป:l:General Books
บนชั้น
3. วิทยาศาสตร์การแพทย์ และสุขภาพ
วิทยาศาสตร์การแพทย์ และสุขภาพ
WY159 ว254ก ฉ.3 
  Barcode: 28438
ห้องสมุดวิทยาเขตนครสวรรค์
►หนังสือทั่วไป:l:General Books
บนชั้น
4. วิทยาศาสตร์การแพทย์ และสุขภาพ
วิทยาศาสตร์การแพทย์ และสุขภาพ
WY159 ว254ก ฉ.4 
  Barcode: 28439
ห้องสมุดวิทยาเขตนครสวรรค์
►หนังสือทั่วไป:l:General Books
บนชั้น
5. วิทยาศาสตร์การแพทย์ และสุขภาพ
วิทยาศาสตร์การแพทย์ และสุขภาพ
WY159 ว254ก ฉ.5 
  Barcode: 28440
ห้องสมุดวิทยาเขตนครสวรรค์
►หนังสือทั่วไป:l:General Books
บนชั้น
6. วิทยาศาสตร์การแพทย์ และสุขภาพ
วิทยาศาสตร์การแพทย์ และสุขภาพ
WY159 ว254ก ฉ.6 
  Barcode: 29552
ห้องสมุดวิทยาเขตนครสวรรค์
►หนังสือทั่วไป:l:General Books
บนชั้น
7. วิทยาศาสตร์การแพทย์ และสุขภาพ
วิทยาศาสตร์การแพทย์ และสุขภาพ
WY159 ว254ก ฉ.7 
  Barcode: 29553
ห้องสมุดวิทยาเขตนครสวรรค์
►หนังสือทั่วไป:l:General Books
บนชั้น
8. วิทยาศาสตร์การแพทย์ และสุขภาพ
วิทยาศาสตร์การแพทย์ และสุขภาพ
WY159 ว254ก ฉ.8 
  Barcode: 29554
ห้องสมุดวิทยาเขตนครสวรรค์
►หนังสือทั่วไป:l:General Books
บนชั้น

รายการใกล้เคียง
    ชื่อเรื่อง [การพยาบาลผู้ป่วยเด็กโรคหัวใจ]

    ผู้แต่ง [วรรณไพร แย้มมา และสุพัตรา นุตรักษ์]

    หัวเรื่อง [การพยาบาลกุมารเวชศาสตร์]

BibComment


ยังไม่เคยถูกคอมเมนท์

คอมเมนท์ทรัพยากรรายการนี้
  คอมเมนท์: การพยาบาลผู้ป่วย..


 Copyright 2026. Bcnsprnw @Library